000 00485nam a2200181Ia 4500
001 12647
005 20260306162957.0
008 260306t2011||||xx |||||||||||||| ||spa||
041 _aESP
082 _aHR 372.24
_bNº 28 ML
100 _aCosta Alva, Yanira
_eAUT
245 0 _aMaestra:
_brevista pedagógica para educación inicial 1ero. y 2do. grado de primaria
260 _c2011
300 _a32 páginas :
_c29
650 _aGEN
654 _aCED
942 _cREV
_dJUS
_fJUS
_2ddc
_n
999 _c12647
_d12647